00482nam a22001577a 450000500170000001000150001702000260003203500140005803700130007208200100008510000250009524500610012026000360018127000690021730000380028620171103123819.0 aENG-121164 a9789380944005c295.00 aEN-104696 bDBAD/PUB a915.4 aBandopdhyay, Manohar aTourist destinations in India /cby Manohar Bandopadhyay aNew DelhibOriental Booksc2010 a4760-61, IInd floor 23, Ansari Road DaryaganjbNew Delhie110002 axii,176p.:bill.(maps)c22cm.(Hb)